LEADER 01364nam a2200313 i 4500 001 000000126489 003 CaOOAMICUS 005 20051223000000.0 008 051223s2000 it u000 u ita u 013 $a99196 020 $a88-07-17042-6 040 $aSeMil$bita 240 10$aDisposable People. New Slavery in the Global Economy.$0(OLS)http://semarc/title/186500 245 12$aI nuovi schiavi :$bla merce umana nell'economia globale /$cTraduzione di Maria Nadotti. 260 $aMilano :$bFeltrinelli,$cStampa 2000. 300 $a265 p. :$btabelle ;$c22 cm. 490 0 $aSerie bianca 500 $aFondo Card. C.M. Martini. 650 4$aSchiavitù - 1990-1999.$0(OLS)http://semarc/subject/24718 650 4$aEconomia mondiale - Aspetti sociali - 1990-1999.$0(OLS)http://semarc/subject/24719 700 1 $aNadotti, Maria,$d<1949- >.$0(OLS)http://semarc/name/52557 830 0$aSerie bianca.$0(OLS)http://semarc/title/10031 850 $aSeMil 852 $aSeMil$W1$xVenegono$y1$m3M II 140$j80855$B80855$CSeMilBibl$Z2$F107301 $81 941 1 $a4 961 $aOmaggio: Martini Card. Carlo Maria 996 $6020$a88-07-17042-6$9(OLS)http://semarc/number/112680 996 $6245$aI nuovi schiavi :$bla merce umana nell'economia globale$9(OLS)http://semarc/title/186499 996 $6260$aMilano :$bFeltrinelli$9(OLS)http://semarc/publisher/30237 LEADER 00646naa a2200145 i 4500 001 000000303031 003 CaOOAMICUS 005 20180831172752.0 008 180831n xx u000 u und u 013 $a10766 040 $aSeMil$bita 100 1 $aMucci, Giandomenico .$0(OLS)http://semarc/name/5044 245 10$aPiamarta, Curci e Capretti un problema storiografico. 773 0 $tMonsignor Pietro Capretti e il suo tempo a cento anni dalla morte (1842-1890).$dBrescia : Queriniana, stampa 1990.$kAnnali / Fondazione Civiltà Bresciana$w()36922 996 $6245$aPiamarta, Curci e Capretti un problema storiografico$9(OLS)http://semarc/title/378991